000 00805nam a22001817a 4500
999 _c59238
_d59238
003 Ge_BSU
005 20221222160936.0
008 221222s1977ge xxu||||| |||| 00| 0 geo d
041 _ageo
080 _a821.353.1-1 ლ-34
100 _aლებანიძე, მურმან, 1922-2002, ავტორი.
_916527
245 _aრჩეული ლირიკა /
_cმურმან ლებანიძე ; [ილ. გ. წერეთელი].
264 _aთბილისი :
_bსაბჭოთა საქართველო,
_c1977.
300 _a573 გვ. :
_bილ.; 1 ფ. პორტრ. ;
_c21 სმ.
653 _aრჩეული ლირიკა
700 _a წერეთელი, გ
_eილუსტრატორი
_916528
942 _2udc
_cBK